[Event "56.SMM Gröden 1-Deutschnofen/Alpeng"]
[Site "?"]
[Date "2025.03.08"]
[Round "9.1"]
[White "Zamengo, Fulvio"]
[Black "Moroder, Stephan"]
[Result "1-0"]
[WhiteElo "2354"]
[BlackElo "2173"]
[PlyCount "69"]
[EventDate "2025.??.??"]

{[%evp 0,69,19,31,72,53,68,72,74,26,26,35,58,25,32,-25,-65,-41,-44,-89,-70,-52,-1,-34,9,8,26,23,43,-50,-36,-36,-53,-49,-36,-36,-36,-36,-35,-28,-22,-101,-92,-80,-54,-136,-110,-56,-56,-84,-84,-95,-84,-115,-71,-71,0,0,25,-83,80,83,177,227,493,550,713,713,29989,29990,29991,29992]} 1. e4 c5 2. Nf3 d6 3. d4 cxd4 4. Nxd4 Nf6 5. Nc3 a6 6. a3 e5 7. Nf5 d5 8. Bg5 d4 9. Bxf6 gxf6 10. Nb1 Nc6 11. Nd2 Be6 12. Qf3 h5 13. Bc4 Bh6 14. Bxe6 Bxd2+ 15. Kxd2 fxe6 16. Ng7+ Ke7 17. Nxh5 Qf8 18. Ng3 Qh6+ 19. Ke1 Na5 20. Ke2 Rac8 21. Qd3 Rc7 22. Rhc1 Rhc8 23. Rab1 Nc4 24. Rd1 Nd6 25. Rbc1 Nc4 26. Qb3 Kf7 27. c3 Rc6 28. Rc2 Rb6 29. Qa4 Rb5 30. b4 dxc3 31. Rxc3 Kg6 32. Qb3 Na5 33. Qxe6 Rxc3 34. Qf5+ Kg7 35. Rd7+ 1-0

[Event "56.SMM Gröden 1-Deutschnofen/Alpeng"]
[Site "?"]
[Date "2025.03.08"]
[Round "9.3"]
[White "Dappiano, Andrea"]
[Black "Bernardi, Ruben"]
[Result "1-0"]
[WhiteElo "2286"]
[BlackElo "2070"]
[PlyCount "93"]
[EventDate "8.??.??"]
[SourceVersionDate "2025.03.10"]

{[%evp 0,90,39,17,41,32,40,30,32,27,30,39,33,15,49,26,31,13,38,38,87,56,56,70,124,129,141,141,141,140,136,130,108,127,117,117,242,221,215,240,240,227,228,228,234,130,134,134,134,147,147,97,136,144,171,148,134,148,147,133,161,128,139,132,132,122,162,139,145,115,143,106,106,84,75,84,106,87,87,92,242,255,319,302,314,314,295,316,338,330,330,325,794]} 1. e4 e6 2. d4 d5 3. Nc3 Bb4 4. e5 c5 5. a3 Bxc3+ 6. bxc3 Nc6 7. Nf3 Qa5 8. Bd2 Qa4 9. dxc5 Nge7 10. Bd3 Ng6 11. Qe2 a6 12. O-O Qg4 13. h3 Qa4 14. Qe3 O-O 15. Qg5 Bd7 16. Qh5 Nce7 17. Rfb1 a5 18. Rxb7 Rab8 19. Rab1 Rxb7 20. Rxb7 Qc6 21. Ra7 Ra8 22. Nd4 Qc8 23. Rxa8 Qxa8 24. Bg5 Nc6 25. Nxc6 Qxc6 26. Be3 Qc7 27. Bd4 Qb8 28. h4 Qb2 29. Qg5 Nf8 30. c6 Bxc6 31. Qe7 Qb8 32. h5 Qe8 33. Qc7 a4 34. h6 Ng6 35. Bxg6 hxg6 36. Be3 gxh6 37. Bxh6 Qd7 38. Qb8+ Qe8 39. Qb4 d4 40. cxd4 Qa8 41. Qe7 Kh7 42. Qh4 Qh8 43. Bd2+ Kg8 44. Qd8+ Kh7 45. Qe7 Qe8 46. Qh4+ Kg8 47. Bg5 1-0

[Event "56.SMM Gröden 1-Deutschnofen/Alpeng"]
[Site "?"]
[Date "2025.03.08"]
[Round "9.4"]
[White "Moroder, Thomas"]
[Black "Lain, Luigi"]
[Result "0-1"]
[WhiteElo "2029"]
[BlackElo "2239"]
[PlyCount "150"]
[EventDate "8.??.??"]
[SourceVersionDate "2025.03.10"]

{[%evp 0,150,20,20,20,12,22,13,9,2,20,8,22,22,22,22,32,28,19,-41,10,7,-4,5,6,14,21,15,19,-10,49,49,40,36,38,38,48,62,28,-17,-17,-12,-3,-26,-22,-21,-14,-45,-38,-21,-35,-37,-11,-11,-41,-26,-2,-32,-42,-45,-54,-11,-44,-44,-44,-43,-12,-12,-12,-13,-10,-114,-15,-120,-51,-52,-50,-215,-222,-222,-184,-206,-206,-206,-188,-206,-206,-208,-201,-200,-203,-171,-165,-142,-138,-147,-137,-136,-136,-136,-136,-136,-126,-126,-126,-131,-86,-94,-41,-34,-34,-34,-34,-35,-35,-35,-23,-23,-23,-30,-22,-27,-21,-41,-25,-60,-60,-83,-83,-91,-96,-96,-100,-104,-100,-135,-83,-25,-321,-507,-507,-567,-577,-663,-663,-1012,-1012,-1012,-1012,-1012,-1011,-1011,-1022]} 1. e4 e5 2. Nf3 Nc6 3. d4 exd4 4. Nxd4 Bc5 5. Be3 Qf6 6. c3 Nge7 7. Bc4 O-O 8. O-O a6 9. f4 d6 10. Nc2 Be6 11. Be2 Bxe3+ 12. Nxe3 Qg6 13. f5 Qg5 14. Ng4 Bd7 15. g3 Nc8 16. h4 Qe7 17. Nd2 f6 18. Qb3+ Kh8 19. Ne3 Nb6 20. Rae1 Ne5 21. Qc2 Bc6 22. c4 Rfe8 23. Rf4 Rac8 24. b3 Nbd7 25. Nb1 g5 26. hxg5 fxg5 27. Rf2 Nf7 28. Bh5 Nf6 29. Bxf7 Qxf7 30. Nd5 Bxd5 31. cxd5 Nxd5 32. Qc4 Kg8 33. Qc1 Nf6 34. Qxg5+ Kh8 35. Rf4 Re5 36. Rh4 Rce8 37. Nd2 d5 38. Rh6 Nxe4 39. Nxe4 Rxf5 40. Qc1 dxe4 41. Qc3+ Qg7 42. Qxg7+ Kxg7 43. Rh4 e3 44. Re2 Rd5 45. Rc4 c6 46. Rc3 Kf6 47. a4 Rd1+ 48. Kg2 Rd2 49. Kf3 Rxe2 50. Kxe2 a5 51. Rc4 Re5 52. b4 h5 53. bxa5 c5 54. Rc3 Kf5 55. Rb3 Re7 56. Rc3 Rc7 57. Rc4 Ke6 58. Kxe3 Kd5 59. Rh4 Rg7 60. Rxh5+ Kc4 61. Kf4 Kb4 62. g4 c4 63. Rb5+ Kxa4 64. Rc5 Kb4 65. Rc8 c3 66. g5 Kb3 67. Kf5 c2 68. Kf6 Rg8 69. Rc7 Rb8 70. Rc5 Rf8+ 71. Ke7 Rf1 72. g6 c1=Q 73. Rxc1 Rxc1 74. g7 Rg1 75. Kf7 Kb4 0-1

[Event "56.SMM Gröden 1-Deutschnofen/Alpeng"]
[Site "?"]
[Date "2025.03.08"]
[Round "9.5"]
[White "Micheli, Carlo"]
[Black "Luciani, Valerio"]
[Result "0-1"]
[WhiteElo "2143"]
[BlackElo "2157"]
[PlyCount "88"]
[EventDate "8.??.??"]
[SourceVersionDate "2025.03.10"]

{[%evp 0,88,23,-26,32,32,32,32,32,32,38,46,52,43,45,41,39,39,47,-14,45,39,48,54,98,83,45,45,102,102,102,102,97,84,84,111,59,82,106,63,40,49,69,97,91,78,105,111,124,136,157,164,179,181,171,165,117,101,114,136,251,254,333,333,333,325,336,-40,-105,-162,-161,-162,-162,-162,-111,-136,-150,-160,-138,-138,-138,-161,-144,-257,-269,-421,-417,-266,-268,-488,-579]} 1. c4 c6 2. Nf3 d5 3. e3 Nf6 4. Nc3 g6 5. d4 Bg7 6. Bd3 Nbd7 7. O-O O-O 8. Qc2 Re8 9. Bd2 dxc4 10. Bxc4 e5 11. Qb3 Qe7 12. Nxe5 Nxe5 13. dxe5 Ng4 14. f4 b5 15. Be2 Be6 16. Qd1 Rad8 17. Qe1 f6 18. h3 Nh6 19. exf6 Bxf6 20. Bf3 Bxc3 21. Bxc3 Bd5 22. Rd1 Bc4 23. Rxd8 Rxd8 24. Rf2 c5 25. b3 Bd3 26. e4 b4 27. Bd2 a5 28. Qc1 c4 29. bxc4 Rc8 30. e5 Bxc4 31. Bd5+ Kg7 32. f5 Nxf5 33. Rxf5 gxf5 34. Bxc4 Qc5+ 35. Kh1 Qxc4 36. Bh6+ Kh8 37. Qg5 Qf7 38. e6 Qg6 39. Qe3 Kg8 40. e7 Kf7 41. Bg5 Rg8 42. g3 Qe6 43. Qd2 Qe4+ 44. Kh2 Rc8 0-1

[Event "56.SMM Gröden 1-Deutschnofen/Alpeng"]
[Site "?"]
[Date "2025.03.08"]
[Round "9.6"]
[White "Grossi, Christian"]
[Black "Thurner, Markus"]
[Result "1-0"]
[WhiteElo "1961"]
[BlackElo "1968"]
[PlyCount "87"]
[EventDate "8.??.??"]
[SourceVersionDate "2025.03.10"]

{[%evp 0,87,23,23,23,-23,-9,-15,32,34,38,14,8,17,15,-4,-11,-4,3,-10,-2,-9,-5,-6,1,-1,0,-14,3,-11,8,12,13,4,17,24,24,19,22,20,89,89,89,75,96,88,89,81,121,93,120,156,165,96,104,104,114,102,105,105,105,99,154,384,416,416,599,182,296,274,297,248,323,335,443,375,394,394,403,398,489,287,682,705,755,856,856,727,1203,753]} 1. d4 Nf6 2. c4 e6 3. Nf3 b6 4. Nc3 Bb7 5. g3 Bb4 6. Bg2 O-O 7. O-O Bxc3 8. bxc3 d6 9. Re1 Nbd7 10. Nd2 Bxg2 11. Kxg2 e5 12. e4 Re8 13. a4 a5 14. f3 Nf8 15. Nf1 Ne6 16. Ne3 Qc8 17. Rb1 Qb7 18. Ba3 Rad8 19. d5 Nf8 20. c5 dxc5 21. Bxc5 Qc8 22. Ba3 g6 23. Qc2 h5 24. h4 Kg7 25. c4 N8d7 26. Qc3 c5 27. Bb2 Qc7 28. Rf1 Qd6 29. Rf2 Kh7 30. Rbf1 Rg8 31. f4 Nxe4 32. fxe5 Nxe5 33. Qxe5 Qxe5 34. Bxe5 Nxf2 35. Rxf2 Rd7 36. d6 f6 37. Rxf6 Re8 38. Bf4 Kg7 39. Nd5 Re4 40. Bg5 Rxc4 41. Nxb6 Rc2+ 42. Kh3 Rd8 43. d7 Rb8 44. Rd6 1-0

[Event "56.SMM Gröden 2-J.Richter/Lask BZ"]
[Site "?"]
[Date "2025.03.08"]
[Round "9.1"]
[White "De Eccher, Stefano"]
[Black "Alam, Syed Mahbubul"]
[Result "1-0"]
[WhiteElo "2165"]
[BlackElo "1955"]
[PlyCount "75"]
[EventDate "8.??.??"]
[SourceVersionDate "2025.03.10"]

1. e4 c5 2. c4 Nc6 3. Nc3 g6 4. g3 Bg7 5. Bg2 d6 6. Nge2 Nf6 7. O-O O-O 8. d3 Bd7 9. Rb1 Qc8 10. a3 a5 11. Nd5 Nxd5 12. exd5 Nd4 13. Nxd4 Bxd4 14. b4 axb4 15. axb4 b6 16. Bb2 Bxb2 17. Rxb2 Ra3 18. Re1 e5 19. dxe6 fxe6 20. d4 cxb4 21. Rxb4 Ra2 22. Re2 Rxe2 23. Qxe2 Qc7 24. h4 e5 25. h5 Kg7 26. Qe3 Rf6 27. h6+ Kf7 28. Bd5+ Kf8 29. Qb3 exd4 30. Rxb6 d3 31. Qb2 Ke7 32. Rb7 Qa5 33. Rxd7+ Kxd7 34. Qxf6 Qe1+ 35. Kg2 d2 36. Qf7+ Kd8 37. Bc6 Qe4+ 38. Bxe4 1-0

[Event "56.SMM Gröden 2-J.Richter/Lask BZ"]
[Site "?"]
[Date "2025.03.08"]
[Round "9.2"]
[White "Kasslatter, Matthias"]
[Black "Moncher, Stefano"]
[Result "1/2-1/2"]
[WhiteElo "1767"]
[BlackElo "2162"]
[PlyCount "46"]
[EventDate "2025.??.??"]
[SourceVersionDate "2025.03.09"]

{[%evp 0,46,45,47,47,37,37,26,26,28,41,35,33,36,52,39,44,-2,27,14,16,-12,11,-17,8,5,24,5,0,-12,-12,-12,-12,-11,-9,-9,-8,-8,-8,-19,-19,-33,-18,-19,-19,-15,-12,-9,-1]} 1. e4 e6 2. d4 d5 3. exd5 exd5 4. Nf3 Bg4 5. Bd3 Nc6 6. c3 Bd6 7. O-O Nge7 8. Bg5 Qd7 9. Nbd2 O-O 10. Qc2 Bf5 11. Rfe1 Bxd3 12. Qxd3 Qf5 13. Qxf5 Nxf5 14. Re2 f6 15. Bh4 Rfe8 16. Rae1 Rxe2 17. Rxe2 Kf7 18. Bg3 a5 19. Kf1 a4 20. Ke1 Na5 21. Bxd6 Nxd6 22. Kd1 g5 23. Ne1 Nac4 1/2-1/2

[Event "56.SMM Gröden 2-J.Richter/Lask BZ"]
[Site "?"]
[Date "2025.03.08"]
[Round "9.3"]
[White "Buglisi, Massimo"]
[Black "Scola, Matteo"]
[Result "1-0"]
[WhiteElo "1920"]
[BlackElo "1803"]
[PlyCount "45"]
[EventDate "8.??.??"]
[SourceVersionDate "2025.03.10"]

1. e4 c5 2. d4 cxd4 3. c3 Nf6 4. e5 Nd5 5. Nf3 e6 6. cxd4 Nc6 7. Bc4 Nb6 8. Bd3 Nb4 9. Be4 d5 10. exd6 Bxd6 11. O-O N4d5 12. Nc3 Nf6 13. Bg5 Be7 14. Bd3 O-O 15. Re1 Nbd5 16. Rc1 Bd7 17. Ne5 Rc8 18. Qf3 Bc6 19. Qh3 g6 20. Bh6 Re8 21. Nxf7 Qd7 22. Ne5 Qd6 23. Bxg6 1-0

[Event "56.SMM Gröden 2-J.Richter/Lask BZ"]
[Site "?"]
[Date "2025.03.08"]
[Round "9.5"]
[White "Kowalczyk, Martin"]
[Black "Demetz, Josef"]
[Result "1-0"]
[WhiteElo "1825"]
[BlackElo "1653"]
[PlyCount "55"]
[EventDate "2025.??.??"]
[SourceVersionDate "2025.03.09"]

1. e4 d5 2. exd5 Qxd5 3. Nc3 Qa5 4. d4 Nf6 5. Nf3 Bf5 6. Bc4 e6 7. O-O Be7 8. Bd2 c6 9. d5 cxd5 10. Nxd5 Qd8 11. Nxe7 Qxe7 12. Bf4 Bg4 13. Bd6 Qd8 14. Qd3 Bxf3 15. Qxf3 Nc6 16. Rfd1 Qb6 17. b4 Nd4 18. Qf4 Nxc2 19. Rac1 Nxb4 20. Rb1 Nfd5 21. Bxd5 Nxd5 22. Qe5 Qd8 23. Rxd5 Qf6 24. Qe2 Rc8 25. Rdd1 Qc3 26. Rxb7 Qc6 27. Re7+ Kd8 28. Bb4+ 1-0

[Event "56.SMM Gröden 2-J.Richter/Lask BZ"]
[Site "?"]
[Date "2025.03.08"]
[Round "9.6"]
[White "Vozhzhov, Leonard"]
[Black "Unterweger, Christian"]
[Result "0-1"]
[WhiteElo "1400"]
[BlackElo "1727"]
[PlyCount "80"]
[EventDate "8.??.??"]
[SourceVersionDate "2025.03.10"]

{[%evp 0,80,19,17,18,13,0,8,8,-4,-7,-7,-7,-7,-7,-7,-7,-6,-6,22,-6,21,54,54,53,53,53,53,53,46,33,10,52,48,39,17,42,31,49,61,68,75,75,75,75,75,142,143,143,83,93,88,106,67,83,78,74,79,100,87,106,82,76,75,87,51,90,80,82,91,86,99,100,0,0,-259,-259,-269,-260,-286,-260,-937,-926]} 1. e4 e5 2. Nf3 Nc6 3. Bc4 Bc5 4. c3 Nf6 5. d4 exd4 6. cxd4 Bb4+ 7. Bd2 Nxe4 8. Bxb4 Nxb4 9. Bxf7+ Kxf7 10. Qb3+ Kf8 11. Qxb4+ Qe7 12. Qxe7+ Kxe7 13. O-O Re8 14. Re1 Kf8 15. Nc3 Nf6 16. Rxe8+ Nxe8 17. Re1 c6 18. Ng5 Nf6 19. Nce4 h6 20. Nxf6 gxf6 21. Ne4 Ke7 22. Ng3+ Kf7 23. Nf5 b6 24. Nxh6+ Kg6 25. Ng4 d5 26. h3 Bf5 27. Re7 c5 28. dxc5 bxc5 29. Ne3 Rd8 30. Nxf5 Kxf5 31. Rxa7 Ke4 32. Ra3 Rb8 33. Re3+ Kd4 34. b3 Ra8 35. a4 c4 36. bxc4 dxc4 37. Ra3 c3 38. Ra2 Kd3 39. Kf1 Rb8 40. f3 Rb1+ 0-1

[Event "56.SMM ASD Arci Scacchi BZ-CSK Merania"]
[Site "Nova Ponente"]
[Date "2025.03.08"]
[Round "9.3"]
[White "Wieser, Josef"]
[Black "Perino, Alberto"]
[Result "1-0"]
[WhiteElo "1887"]
[BlackElo "1986"]
[PlyCount "93"]
[EventDate "2025.??.??"]

{[%evp 0,93,19,31,41,18,6,0,21,-2,-3,-6,-6,-6,-6,-35,-75,-75,-77,-86,-64,-82,-87,-97,78,143,109,115,115,122,193,222,224,224,245,194,169,162,206,200,221,222,224,224,245,240,270,269,275,297,310,233,289,289,287,280,290,309,350,222,238,70,169,171,185,182,205,210,219,232,244,244,251,278,303,295,318,315,346,352,348,332,328,357,429,446,543,468,468,495,522,525,579,628,638,668]} 1. e4 e6 2. d3 d5 3. Nd2 Nf6 4. Ngf3 Nc6 5. e5 Nd7 6. d4 f6 7. Bd3 fxe5 8. Nxe5 Ndxe5 9. dxe5 Nxe5 10. Qh5+ Nf7 11. Bxh7 g6 12. Qxg6 Qg5 13. Nf3 Qxg6 14. Bxg6 Rg8 15. Ne5 Rxg6 16. Nxg6 Bg7 17. Bd2 Bxb2 18. Rb1 Bf6 19. h4 e5 20. h5 b6 21. Rb3 e4 22. Rg3 Bb7 23. h6 Kd7 24. h7 Re8 25. Kd1 c5 26. Rgh3 Nh8 27. Nxh8 Bxh8 28. Rg3 d4 29. Rg8 Bd5 30. Rxh8 Rxh8 31. Bg5 Bg8 32. hxg8=Q Rxg8 33. Rh5 Kc6 34. g3 Kb5 35. Bf4 Kb4 36. Re5 Ka3 37. Rxe4 Kxa2 38. Re7 a5 39. Re6 b5 40. Rb6 b4 41. Ra6 Kb2 42. Rxa5 c4 43. Bc1+ Kb1 44. Rc5 d3 45. Rxc4 b3 46. cxb3 Rh8 47. Be3 1-0

[Event "56.SMM ASD Arci Scacchi BZ-CSK Merania"]
[Site "?"]
[Date "2025.03.08"]
[Round "9.4"]
[White "Zammarchi, Massimo"]
[Black "Zuev, Mikhail"]
[Result "1-0"]
[WhiteElo "1976"]
[BlackElo "1890"]
[PlyCount "107"]
[EventDate "15.??.??"]

{[%evp 0,107,25,19,71,69,50,47,56,37,37,38,28,-1,28,33,47,31,27,33,33,21,27,-5,6,-13,-19,-37,1,18,17,0,26,-5,7,-49,-47,-38,-21,-29,18,9,36,24,18,-163,86,77,84,84,96,85,157,139,280,286,286,272,302,269,275,218,233,220,218,211,331,336,334,342,335,335,335,334,350,331,342,370,370,370,378,396,420,420,428,345,345,321,334,342,352,352,352,356,349,360,549,557,566,709,752,856,863,547,586,640,666,796,938,938]} 1. e4 c6 2. d4 d5 3. exd5 cxd5 4. c4 Nf6 5. Nc3 Nc6 6. Bg5 Be6 7. Nf3 h6 8. Bxf6 exf6 9. c5 g6 10. Bb5 Bg7 11. b4 O-O 12. Bxc6 bxc6 13. a4 Re8 14. O-O Rb8 15. Rb1 g5 16. Ne1 a6 17. Qd3 Qd7 18. Nc2 Bf5 19. Qd2 Bxc2 20. Qxc2 Qg4 21. Qd3 f5 22. Rfd1 f4 23. b5 axb5 24. axb5 cxb5 25. Rxb5 f3 26. Qxf3 Qd7 27. Rxb8 Rxb8 28. Qxd5 Qc7 29. g3 Qa5 30. Qd6 Rd8 31. Qb6 Qxb6 32. cxb6 Bxd4 33. b7 Rb8 34. Rxd4 Rxb7 35. Rd6 Kg7 36. Nd5 Ra7 37. Nf6 Ra4 38. h3 Rb4 39. Kg2 Ra4 40. Nh5+ Kh7 41. Nf6+ Kg7 42. Ng4 h5 43. Nf6 h4 44. g4 Ra7 45. Ne4 Ra5 46. Rc6 Re5 47. Kf3 Kh7 48. Rc5 Rxc5 49. Nxc5 Kg6 50. Ke4 Kf6 51. f4 Kg6 52. Nd3 Kf6 53. Ne5 gxf4 54. Nf3 1-0

[Event "56.SMM ASD Arci Scacchi BZ-CSK Merania"]
[Site "?"]
[Date "15.03.08"]
[Round "9.5"]
[White "Battiston, Claudio"]
[Black "Benvenuto, Alexander"]
[Result "1-0"]
[WhiteElo "1875"]
[BlackElo "1783"]
[PlyCount "73"]
[EventDate "15.??.??"]

{[%evp 0,73,19,27,17,-4,15,23,21,26,20,-5,11,5,0,15,53,31,29,37,51,28,10,2,-18,-3,-3,-31,-24,-24,-4,-15,-25,-6,-6,-8,0,-24,3,-9,8,10,-1,-30,18,-2,18,15,33,18,33,38,90,34,336,41,222,52,247,254,249,260,297,291,369,284,360,355,636,429,508,552,670,234,271,270]} 1. Nf3 Nf6 2. g3 g6 3. Bg2 Bg7 4. c4 O-O 5. O-O d6 6. Nc3 c5 7. d4 Nbd7 8. b3 Rb8 9. Bb2 a6 10. Qd2 b5 11. cxb5 axb5 12. dxc5 Nxc5 13. Nd4 b4 14. Nd5 Bd7 15. Nxf6+ Bxf6 16. Nc6 Bxc6 17. Bxc6 Bxb2 18. Qxb2 Qb6 19. Bg2 Rbc8 20. Rac1 Rc7 21. Rc4 Rfc8 22. Qd4 Rb8 23. Rfc1 Ra7 24. R1c2 Ra3 25. h3 Qa5 26. Qd2 Rb6 27. Kh2 Ra6 28. Rxb4 Rxa2 29. Rb8+ Kg7 30. b4 Rxc2 31. Qxc2 Qc7 32. Qb2+ f6 33. bxc5 dxc5 34. Rb7 Qd6 35. Qb5 Ra1 36. Qd7 Qxd7 37. Rxd7 1-0

[Event "56.SMM ASD Arci Scacchi BZ-CSK Merania"]
[Site "?"]
[Date "2025.03.08"]
[Round "9.6"]
[White "De Vita, Gianni"]
[Black "Franceschini, Christoph"]
[Result "1-0"]
[WhiteElo "1950"]
[BlackElo "1755"]
[PlyCount "59"]
[EventDate "15.??.??"]

1. e4 e6 2. Nf3 d5 3. e5 c5 4. b4 cxb4 5. a3 b3 6. cxb3 Nc6 7. d4 Bd7 8. Bd3 f6 9. exf6 Nxf6 10. O-O Bd6 11. Re1 Qe7 12. Bb2 O-O 13. Ne5 Bxe5 14. dxe5 Ne4 15. Bxe4 dxe4 16. Nd2 Rf5 17. Nxe4 Nxe5 18. Ng3 Nf3+ 19. gxf3 Rf7 20. Re3 Bc6 21. Qe2 Raf8 22. Rxe6 Qh4 23. Qc4 Qh3 24. Ne4 Qxf3 25. Rxc6 bxc6 26. Ng5 Qh5 27. Nxf7 Rxf7 28. Qxc6 Qg4+ 29. Kh1 h6 30. Qe8+ 1-0

[Event "56.SMM Klausen/Rk-Brixen/Milland"]
[Site "?"]
[Date "2025.03.08"]
[Round "9.1"]
[White "Schacher, Gerd"]
[Black "Brenninger, Daniel"]
[Result "1-0"]
[WhiteElo "2248"]
[BlackElo "2089"]
[PlyCount "95"]
[EventDate "2024.11.09"]

{[%evp 0,95,19,27,22,-29,15,15,-3,-3,18,21,22,27,42,48,32,48,47,46,20,39,18,18,17,13,32,-10,13,18,12,21,20,31,38,24,36,23,56,49,56,50,58,71,43,71,67,37,76,0,85,104,102,99,97,99,99,92,99,86,87,89,82,81,87,81,84,86,88,57,52,56,53,56,61,58,58,58,91,58,94,101,73,53,73,53,73,72,80,60,119,148,378,431,503,594,756,982]} 1. Nf3 Nf6 2. c4 c5 3. g3 Nc6 4. Bg2 d5 5. cxd5 Nxd5 6. Nc3 e6 7. O-O Be7 8. d4 O-O 9. Nxd5 exd5 10. dxc5 Bxc5 11. a3 a5 12. Bg5 f6 13. Bd2 Be6 14. Rc1 Qe7 15. Bc3 Rfd8 16. Nd4 Nxd4 17. Bxd4 b6 18. Qd2 Bf7 19. e3 Rac8 20. Bxc5 Rxc5 21. Rxc5 Qxc5 22. Rc1 Qd6 23. Qc3 Kf8 24. h4 Be6 25. Qd3 h6 26. Qb5 Rb8 27. Rc6 Qd7 28. Bf1 Ke7 29. Rxb6 Qxb5 30. Rxb5 Rxb5 31. Bxb5 Kd6 32. b4 axb4 33. axb4 d4 34. exd4 Kd5 35. Kg2 Kxd4 36. Bc6 g5 37. f4 Bg4 38. Kf2 Bf5 39. Kf3 Kc4 40. b5 Kc5 41. Ke3 Bg6 42. Bd7 Kd6 43. Bg4 Kc5 44. Be2 Be8 45. fxg5 hxg5 46. h5 f5 47. h6 Bg6 48. Bd3 1-0

[Event "56.SMM Klausen/Rk-Brixen/Milland"]
[Site "?"]
[Date "2025.03.08"]
[Round "9.2"]
[White "Sader, Michael"]
[Black "Seebacher, Michael"]
[Result "1/2-1/2"]
[WhiteElo "2054"]
[BlackElo "2116"]
[PlyCount "20"]
[EventDate "2024.11.09"]

{[%evp 0,20,18,-17,-5,-33,-33,-21,29,50,32,32,15,-17,-25,-28,-38,-40,-43,-41,-23,-34,-2]} 1. c4 e5 2. Nc3 Nc6 3. Nf3 g6 4. d4 exd4 5. Nxd4 Bg7 6. Nc2 d6 7. g3 Be6 8. Nd5 Nf6 9. Bg2 O-O 10. b3 Bf5 1/2-1/2

[Event "56.SMM Klausen/Rk-Brixen/Milland"]
[Site "?"]
[Date "2025.03.08"]
[Round "9.3"]
[White "Bodrov, Timofey"]
[Black "Paulmichl, Martin"]
[Result "1-0"]
[WhiteElo "2089"]
[BlackElo "1945"]
[PlyCount "43"]
[EventDate "2024.11.09"]

{[%evp 0,43,24,46,47,55,44,34,39,29,50,48,31,35,35,15,20,14,39,-6,10,15,-2,-37,56,35,60,60,101,84,98,99,99,85,99,82,96,100,114,123,130,139,192,141,429,439]} 1. e4 e6 2. d4 d5 3. Nd2 Nc6 4. Ngf3 Nf6 5. e5 Nd7 6. Bd3 f6 7. exf6 Qxf6 8. O-O Bd6 9. Nb3 O-O 10. Bg5 Qf7 11. Bh4 Qh5 12. Bg3 Bxg3 13. fxg3 e5 14. Nxe5 Rxf1+ 15. Bxf1 Qxd1 16. Rxd1 Ndxe5 17. dxe5 Be6 18. Re1 d4 19. Bb5 Bxb3 20. axb3 Na5 21. b4 c6 22. Bd3 1-0

[Event "56.SMM Klausen/Rk-Brixen/Milland"]
[Site "?"]
[Date "2025.03.08"]
[Round "9.4"]
[White "Wisthaler, Lukas"]
[Black "Seebacher, Reinhard"]
[Result "1/2-1/2"]
[WhiteElo "1913"]
[BlackElo "1951"]
[PlyCount "25"]
[EventDate "2024.11.09"]

{[%evp 0,25,38,18,42,46,64,-44,6,-4,-10,-17,5,11,65,65,51,46,51,64,46,46,46,35,30,23,37,10]} 1. e4 d5 2. exd5 Qxd5 3. c4 Qe4+ 4. Qe2 Qxe2+ 5. Bxe2 e5 6. Nc3 c6 7. Nf3 Nd7 8. d4 exd4 9. Nxd4 Ngf6 10. O-O Bb4 11. Bd2 O-O 12. Rfe1 Ne5 13. Nc2 1/2-1/2

[Event "56.SMM Klausen/Rk-Brixen/Milland"]
[Site "?"]
[Date "2025.03.08"]
[Round "9.5"]
[White "Schrott, Johann"]
[Black "Ellemund, Gabriel"]
[Result "1-0"]
[WhiteElo "1860"]
[BlackElo "1834"]
[PlyCount "108"]
[EventDate "2024.11.09"]

{[%evp 0,108,21,25,22,22,22,8,25,-2,3,7,5,22,28,6,9,-27,-28,-5,-5,2,8,-17,0,0,5,2,40,21,44,30,21,-10,40,39,116,118,164,160,160,160,160,131,157,98,99,135,118,133,127,109,152,125,123,110,148,96,165,112,215,177,213,208,203,180,189,204,331,295,350,307,332,333,340,318,328,310,420,447,472,477,495,538,795,959,1040,463,462,445,426,430,445,439,663,450,466,474,532,466,498,419,440,469,462,541,655,734,856,907,899]} 1. e4 e5 2. Nf3 Nc6 3. Bb5 a6 4. Ba4 Nf6 5. O-O b5 6. Bb3 Be7 7. Re1 O-O 8. c3 d6 9. h3 Na5 10. Bc2 c5 11. d3 Bb7 12. Nbd2 Qc7 13. Nf1 Rfc8 14. Ng3 Bf8 15. Bg5 Nd7 16. Nh4 f6 17. Be3 Nc6 18. Bb3+ Kh8 19. Qh5 c4 20. dxc4 Na5 21. cxb5 Nxb3 22. axb3 axb5 23. Ng6+ Kg8 24. Nxf8 Nxf8 25. Qe2 b4 26. c4 Ne6 27. f3 Nc5 28. Qc2 Bc6 29. Red1 Rd8 30. Rxa8 Rxa8 31. Qd2 Nxb3 32. Qxb4 Rb8 33. Qxd6 Qb7 34. Nf5 Be8 35. Ne7+ Kh8 36. Nd5 Bf7 37. c5 Na5 38. Nb6 h6 39. b4 Nc4 40. Nxc4 Bxc4 41. c6 Qc8 42. c7 Ra8 43. Qd8+ Kh7 44. Qxc8 Rxc8 45. Bb6 Kg6 46. Kf2 Be6 47. Ba5 Bc4 48. Rd6 Kf7 49. Rd7+ Kg6 50. h4 h5 51. g4 hxg4 52. fxg4 Be6 53. Rd8 Bxg4 54. b5 Be6 1-0

[Event "56.SMM B Taufers-Deutschnofen/Alp 2"]
[Site "Deutschnofen"]
[Date "2025.03.08"]
[Round "9.1"]
[White "Gibitz, Othmar"]
[Black "Holzer, Philipp"]
[Result "0-1"]
[WhiteElo "1761"]
[BlackElo "1905"]
[PlyCount "80"]
[EventDate "2025.??.??"]

{[%evp 0,80,43,43,43,24,18,14,19,-38,-38,-17,-23,-24,-24,-39,-39,-52,-37,-17,-22,-54,-9,-16,-17,-6,-26,-22,1,-22,-6,9,-16,-19,-27,-32,-17,-31,-14,-13,-2,-11,2,-62,-50,-47,-14,-13,18,-45,-8,-25,-14,-73,-48,-41,-67,-82,-57,-93,-34,-40,-25,-429,-136,-334,-99,-484,-48,-45,-27,-94,-48,-73,-102,-122,-117,-178,-130,-633,-257,-706,-234]} 1. e4 e5 2. Nf3 Nc6 3. d4 exd4 4. Bc4 Nf6 5. e5 d5 6. Bb5 Ne4 7. Nxd4 Bd7 8. Bxc6 bxc6 9. O-O Bc5 10. Be3 Bb6 11. Nd2 Nxd2 12. Qxd2 O-O 13. c3 Qe7 14. f4 c5 15. Nf3 Rad8 16. Qf2 Bf5 17. Rad1 f6 18. h3 Kh8 19. Rfe1 Be4 20. exf6 gxf6 21. a3 Rg8 22. b4 cxb4 23. axb4 Rg7 24. Bxb6 axb6 25. Kh2 Rdg8 26. Rg1 Qf7 27. Rde1 Qh5 28. Re3 Qh6 29. Nh4 f5 30. g3 Qf6 31. Rd1 c5 32. bxc5 bxc5 33. Qd2 Rd8 34. Nf3 d4 35. cxd4 cxd4 36. Ra3 Rc7 37. Qb4 Rc2+ 38. Rd2 d3 39. Kg2 Qc6 40. Raxd3 Bxf3+ {0-} 0-1

[Event "56.SMM B Taufers-Deutschnofen/Alp 2"]
[Site "?"]
[Date "2025.03.08"]
[Round "9.2"]
[White "Niederkofler, Andreas"]
[Black "Pichler, Hubertus"]
[Result "1-0"]
[WhiteElo "1893"]
[BlackElo "1718"]
[PlyCount "55"]
[EventDate "2025.??.??"]

{[%evp 0,55,19,38,60,60,73,53,56,7,30,15,31,30,24,16,21,17,17,-7,-7,-2,36,8,49,38,64,36,68,46,52,71,101,124,117,117,121,137,170,91,97,105,126,144,150,87,147,140,122,122,122,131,271,277,527,529,527,525]} 1. e4 c6 2. d4 d5 3. exd5 cxd5 4. c4 e6 5. Nc3 Nf6 6. Nf3 Be7 7. c5 Nc6 8. Bb5 Bd7 9. Bf4 O-O 10. O-O a6 11. Bd3 Nb4 12. Bb1 Nc6 13. a3 g6 14. b4 Nh5 15. Bh6 Ng7 16. Na4 Bf6 17. Nb6 Ra7 18. Re1 Re8 19. Bf4 Nf5 20. Bxf5 gxf5 21. Qd2 Bg7 22. Bg5 f6 23. Bh6 Ne7 24. Bxg7 Kxg7 25. Qf4 Nc8 26. Qb8 Bc6 27. Nxc8 Qxc8 28. Qxa7 1-0